000 00315nam a22000857a 4500
999 _c516328
_d516328
100 _aC. A. A. R. D.
_922821
245 _aReport of the committee to review the existing administrative arrangements for rural development and poverty alleviation programmes
_cby C. A. A. R. D.
260 _bD. R. D.
_c1985
300 _a143p.